000 00304nam a22001337a 4500
008 170407b xxu||||| |||| 00| 0 eng d
020 _a9780199632381
041 _aeng
080 _a616
100 _a9
101 _aSHM
245 _aDIAGNOSTIC MOLECULAR PATHOLOGY
_cHERRINGTON, C.S
942 _2udc
_cBK
999 _c10248
_d10248